| 000 | 00530nam a22001337a 4500 | ||
|---|---|---|---|
| 040 | _cNUST | ||
| 082 | _a220 PRO | ||
| 100 |
_aAroob Tariq Muhammad Bilal Syeda Hafsa Zahoor Syeda Hareeba Tirmizi _985477 |
||
| 110 |
_aSponsoring DS: Brig. Dr. Nasir Rashid Dr. Umar Shahbaz Khan Dr. Mubasher Saleem _985478 |
||
| 245 | _aPR-SOF-2020-Design of Upper Limb Exoskeleton with BCI Control for Paralysis and Cerebral Palsy Patients | ||
| 260 |
_aISLAMABAD: _bNUST COLLEGE OF EME, _c2021. |
||
| 650 |
_aDE-MTS-39 _985479 |
||
| 942 |
_2ddc _cPR |
||
| 999 |
_c586985 _d586985 |
||